00493nam a22001577a 450000500170000000800410001702000180005804100130007608200140008910000290010324500880013225000180022026000410023830000310027965000250031020231106091901.0231106b |||||||| |||| 00| 0 eng d a9780958475099 aEnglish  a346.5 MEY aMeyerowitz, D lEnglish  aThe Law and Practice of Administration of Estates and Estate Duty / cD Meyerowitz  a2007 Edition  aCape Town: bThe Taxpayer CC, c2007 bxxx, 178 pages ; c25 cm.  aLegal practice bLaw